header

Dolphin adventure : a true story (Record no. 264583)

MARC details
000 -LEADER
fixed length control field 00234nam a22000977a 4500
020 ## - INTERNATIONAL STANDARD BOOK NUMBER
ISBN 0395617944
100 ## - MAIN ENTRY--AUTHOR NAME
Personal name Wayne Grover
245 ## - TITLE STATEMENT
Title Dolphin adventure : a true story
260 ## - PUBLICATION, DISTRIBUTION, ETC. (IMPRINT)
Place of publication New York
Name of publisher Greenwillow Books
Year of publication 1990
942 ## - ADDED ENTRY ELEMENTS (KOHA)
Koha item type Long Loan Books
Holdings
Withdrawn status Lost status Collection code Home library Current library Shelving location Date acquired Accession Number Koha item type
    Fiction Rongo University Library Rongo University Library Children's Area 08/10/2024 CL20233029 Long Loan Books

© 2026 Rongo University
Contact us: librarian | system librarian | Rongo university